| 000 | 00976nam a22003017a 4500 | ||
|---|---|---|---|
| 003 | CHAP | ||
| 005 | 20220329134011.0 | ||
| 008 | 971013s1974 mx r 00010 spa d | ||
| 010 | _a13862 | ||
| 011 | _a14834 | ||
| 035 | _a18908 | ||
| 040 | _cCHAP | ||
| 082 | 0 | 4 |
_a338.27282 _bH4 |
| 100 | 0 | 0 |
_aHermida Ruiz, Angel J. _953751 |
| 245 | 1 | _aBermúdez y la batalla por el petróleo | |
| 260 |
_aMéxico, D. F. : _bCosta-Amic, _c1974 |
||
| 300 | _a203 p. | ||
| 590 |
_aBATCH-UPD _b10 _c20130110 _lUCH01 _h2007 |
||
| 590 |
_aBATCH-UPD _b10 _c20130410 _lUCH01 _h1327 |
||
| 590 |
_aBATCH-UPD _b10 _c20130914 _lUCH01 _h1911 |
||
| 590 |
_aCONVERSION _b10 _c20130109 _lUCH01 _h1309 |
||
| 650 | 1 | 4 |
_aPetróleo _xHistoria _xMéxico. _987664 |
| 650 | 1 | 4 |
_aPetróleo _xIndustria. _987665 |
| 901 | _aBK | ||
| 942 | _cLIBRO | ||
| 949 |
_a338.27282 H4 _bBC _cLIBRO _d-43920 _eLIBRO _fc.2 _h51718 _i18908 _mD. Ing. Acuña _si |
||
| 949 |
_a338.27282 H4 _bBC _cLIBRO _d33724000416343 _eLIBRO _h43487 _i18908 _mD _si |
||
| 999 |
_c13862 _d13862 |
||